Online
Catalog

Julio Alberto Hernández / (Record no. 34128)

MARC details
000 -CABECERA
campo de control de longitud fija 00636nam a2200181 a 4500
001 - NÚMERO DE CONTROL
campo de control 000034637
005 - FECHA Y HORA DE LA ÚLTIMA TRANSACCIÓN
campo de control 20240305081128.0
008 - DATOS DE LONGITUD FIJA--INFORMACIÓN GENERAL
campo de control de longitud fija 101006s1990 dr 000 0 spa d
040 ## - FUENTE DE LA CATALOGACIÓN
Centro catalogador/agencia de origen DO-SdBNP
Lengua de catalogación spa
Centro/agencia transcriptor BNPHU
082 ## - NÚMERO DE LA CLASIFICACIÓN DECIMAL DEWEY
Número de clasificación xxxx
Número de documento/Ítem xxxx
100 1# - ENTRADA PRINCIPAL--NOMBRE DE PERSONA
Nombre de persona Holguín Veras, Miguel A.,
Fechas asociadas al nombre 1927-2007
9 (RLIN) 13921
245 10 - MENCIÓN DE TÍTULO
Título Julio Alberto Hernández /
Mención de responsabilidad, etc. Miguel A. Hoguín Veras.
260 ## - PUBLICACIÓN, DISTRIBUCIÓN, ETC.
Lugar de publicación, distribución, etc. Santo Domingo :
Nombre del editor, distribuidor, etc. Industria del sobre,
Fecha de publicación, distribución, etc. 1990.
300 ## - DESCRIPCIÓN FÍSICA
Extensión 100 p.
490 1# - MENCIÓN DE SERIE
Mención de serie Sembranzas
505 0# - NOTA DE CONTENIDO CON FORMATO
Título Sembranzas --
-- Cronología --
-- Composiciones editadas --
-- Catálogo de sus obras --
-- Obras publicadas --
-- Discografía --
830 #0 - PUNTO DE ACCESO ADICIONAL DE SERIE-TÍTULO UNIFORME
Título uniforme Sembranzas
9 (RLIN) 60071
Holdings
Estado de retiro Estado de pérdida No para préstamo Código de colección Localización permanente Ubicación/localización actual Ubicación en estantería Fecha de adquisición Número de inventario Total de préstamos Signatura topográfica completa Código de barras Fecha visto por última vez Precio válido a partir de Tipo de ítem Koha
    Excluido de préstamo Patrimonio Dominicano Patrimonio Dominicano Patrimonio Dominicano En catalogación 11.10.2011 LF1   xxxx xxxx 34637-10 25.06.2020 25.06.2020 Libro y Folleto Colección Patrimonio Dominicano

Powered by Koha